The painters of the school of Seville / (Record no. 143472)

MARC details
000 -LEADER
campo de control de longitud fija 00922nam a2200253 4500
001 - NÚMERO DE CONTROL
campo de control 143472
003 - IDENTIFICADOR DE NÚMERO DE CONTROL
campo de control ES-MaACL
005 - FECHA Y HORA DE LA ÚLTIMA TRANSACCIÓN
campo de control 20260127150427.0
007 - CAMPO FIJO DE DESCRIPCIÓN FÍSICA--INFORMACIÓN GENERAL
campo de control de longitud fija t|
008 - DATOS DE LONGITUD FIJA--INFORMACIÓN GENERAL
campo de control de longitud fija 070214q1911 xxk r ||||1| eng d
080 ## - NÚMERO DE LA CLASIFICACIÓN DECIMAL UNIVERSAL
Número de la Clasificación Decimal Universal 75(460.353 S.)(091)
100 1# - ENTRADA PRINCIPAL--NOMBRE DE PERSONA
Nombre de persona Sentenach, Narciso,
Fechas asociadas al nombre 1856-1925
9 (RLIN) 105479
245 14 - MENCIÓN DEL TÍTULO
Título The painters of the school of Seville /
Mención de responsabilidad, etc. by N. Sentenach ; [translated... by Mrs. Steuart Erskine].
260 ## - PUBLICACIÓN, DISTRIBUCIÓN, ETC.
Lugar de publicación, distribución, etc. London :
Nombre del editor, distribuidor, etc. Duckworth and Co.,
Fecha de publicación, distribución, etc. [1911?]
300 ## - DESCRIPCIÓN FÍSICA
Extensión VIII, 261 p., [30] h. de lám. ;
Dimensiones 20 cm.
530 ## - NOTA DISPONIBLE DE FORMULARIO FÍSICO ADICIONAL
Nota de formato físico adicional disponible Disponible en formato digital.
650 #4 - PUNTO DE ACCESO ADICIONAL DE MATERIA--TÉRMINO DE MATERIA
Término de materia o nombre geográfico como elemento de entrada Pintura-
Subdivisión geográfica Sevilla.
9 (RLIN) 143025
700 1# - ENTRADA AGREGADA--NOMBRE PERSONAL
Nombre de persona Erskine, Steuart.
9 (RLIN) 47438
852 ## - LOCALIZACIÓN
Ubicación ES-MaACL
Número de control de estantería G-10261
Ubicación en estantería Sala Pecera Planta 3
856 4# - LOCALIZACIÓN Y ACCESO ELECTRÓNICOS
Identificador Uniforme de Recursos <a href="https://archive.org/details/paintersofschool00sent ">https://archive.org/details/paintersofschool00sent </a>
Texto de enlace Internet Archive
856 4# - LOCALIZACIÓN Y ACCESO ELECTRÓNICOS
Identificador Uniforme de Recursos <a href="https://archive.org/details/paintersofschool00sent_0 ">https://archive.org/details/paintersofschool00sent_0 </a>
Texto de enlace Internet Archive
942 ## - ELEMENTOS DE ENTRADA SECUNDARIOS (KOHA)
Fuente del sistema de clasificación o colocación Clasificación decimal universal
Holdings
Estatus retirado Estado de pérdida Estado de daño No para préstamo Colección Biblioteca de origen Biblioteca actual Ubicación en estantería Fecha de adquisición Fuente de adquisición Total de préstamos Signatura topográfica completa Código de barras Visto por última vez Precio de reemplazo Tipo de ítem Koha
        Colección digital Biblioteca del Ateneo de Madrid Biblioteca del Ateneo de Madrid Sala Pecera Planta 3 17/01/2008     G-10261 1149273 23/02/2023 23/02/2023 Libro impreso